[Event "Hannover-ch U12"]
[Site "Lehrte"]
[Date "2006.10.14"]
[Round "2"]
[White "Manusina, Nicole"]
[Black "Schubert, Lasse"]
[Result "1-0"]
[WhiteElo "1127"]
[BlackElo "993"]
[PlyCount "73"]
[EventDate "2006.10.14"]
[EventType "swiss"]
[EventRounds "7"]
[EventCountry "GER"]
[SourceTitle "EXT 2021"]
[Source "ChessBase"]
[SourceDate "2020.10.23"]
[SourceVersion "1"]
[SourceVersionDate "2020.10.23"]
[SourceQuality "1"]

1. d4 d5 2. c4 Nf6 3. cxd5 Qxd5 4. Nc3 Qd8 5. e4 e6 6. Bc4 Bb4 7. f3 c6 8. Nge2 Nbd7 9. 0-0 Nb6 10. Bb3 0-0 11. Bg5 Bd6 12. e5 Be7 13. exf6 Bxf6 14. Bxf6 Qxf6 15. Ne4 Qd8 16. Qc2 Nd5 17. Bxd5 exd5 18. N4g3 Qb6 19. Qb3 Qc7 20. Rac1 b6 21. f4 Ba6 22. Qxd5 Rac8 23. Qe5 Rfe8 24. Qxc7 Rxc7 25. Rfe1 Rce7 26. Kf2 h6 27. Rxc6 Bb5 28. Rcc1 Bc4 29. Rxc4 b5 30. Rc6 a5 31. d5 b4 32. d6 Rd7 33. Nd4 Red8 34. Nb5 Rb7 35. Nc7 Rbb8 36. Re7 Kh7 37. Rxf7 1-0